O anjo terrível (Registo nº 817)

Detalhes MARC
000 -Etiqueta do registo
Cabeçalho 00661nam0a2200253 4500
005 - Identificador da versão
Campo de controlo 20240813121816.0
010 ## - Número internacional normalizado dos livros (ISBN)
Número (ISBN) 9722018752
021 ## - Número do Depósito Legal
Código do país PT
Número 154 374/00
100 ## - Dados gerais de processamento
Dados gerais de processamento 20160627d2000 a e0pory5003 ba
102 ## - Pais de publicação ou produção
País de publicação Portugal
101 1# - Língua de publicação
Língua do texto, banda sonora, etc. Português
Língua do documento no original Italiano
215 ## - Descrição física 
Indicação específica da natureza do documento e extensão da espécie 118 p
200 1# - Titulo e menção de responsabilidade
Título próprio O anjo terrível
Primeira menção de responsabilidade Carlo Frabetti
225 2# - Colecção 
Título próprio da colecção Minoria absoluta
Indicação de volume 14
205 ## - Menção da edição
Menção da edição 1ª ed
210 ## - Publicação, Distribuição, etc. 
Lugar da edição, distribuição, etc. Lisboa
Nome do editor, distribuidor, etc. Dom Quixote
Data da publicação, distribuição, etc. 2000
606 ## - Nome comum usado como assunto
Número de registo de entrada de autoridade 0002809
Palavra de ordem Literatura italiana
Subdivisão de assunto Romance
Código do sistema CA
675 ## - Classificação Decimal Universal (CDU)
Notação 821.131.1-31
Edição 3ª ed.
Língua da edição por
700 #1 - Nome de autor-pessoa física (responsabilidade principal)
Número de registo de entrada de autoridade 0003037
Palavra de ordem Frabetti
Outra parte do nome não tomada para palavra de ordem Carlo
966 ## - Identificação da Biblioteca
Sigla EB2,3ENM
942 ## - Elementos de entrada adicionados (Koha)
Tipo de item no Koha Livro
Exemplares
Situação do levantamento Origin of item (home branch) (coded) Biblioteca de empréstimo Código de barras Cota Circulation type (not for loan) Tipo de documento Nota do exemplar Damaged status
  Biblioteca Escolar Eng. Nuno Mergulhão Biblioteca Escolar Eng. Nuno Mergulhão BENM1505 82LE-3 FRA   Livro Sem mensagem